000 02421cam a2200385 a 4500
001 13663270
003 ARRUPE
005 20140326130713.0
008 040723s2005 nyuab be 001 0deng
010 _a 2004016779
015 _aGBA4-Y3035
020 _a1579582451 (set : acidfree paper)
020 _a1579584535 (v. 1 : acidfree paper)
020 _a1579584543 (v. 2 : acidfree paper)
020 _a1579584551 (v. 3 : acidfree paper)
035 _a(OCoLC)ocm56033052
040 _aDLC
_cDLC
_dC#P
_dMUQ
_dUKM
_dBAKER
_dXY4
_dRMC
_dNLGGC
_dXY4
_dDLC
043 _af------
050 0 0 _aDT20
_b.E53 2005
082 0 0 _a960/.03
_222
084 _a15.80
_2bcl
245 0 0 _aEncyclopedia of African history /
_cKevin Shillington, editor.
260 _aNew York :
_bFitzroy Dearborn,
_c2005.
300 _a3 v. :
_bill., maps ;
_c29 cm.
504 _aIncludes bibliographical references and index.
505 0 _av. 1. A-G -- v. 2. H-O -- v. 3. P-Z, index.
520 _aCovering the entire continent from Morocco, Libya, and Egypt in the north to the Cape of Good Hope in the south, and the surrounding islands from Cape Verde in the west to Madagascar, Mauritius, and Seychelles in the east, this A-Z reference examines the history of the entire African continent. With entries ranging from the earliest evolution of human beings in Africa to the beginning of the twenty-first century, this comprehensive three-volume Encyclopedia is the first reference of this scale and scope. In nearly 1,100 entries, the Encyclopedia not only examines the well-established topics in African history but also looks at the social, economic, linguistic, anthropological, and political subjects that are being re-evaluated or newly opened for historical analysis by recent research and publication.
651 0 _aAfrica
_xHistory
_vEncyclopedias.
_99433
700 1 _aShillington, Kevin.
_99434
856 4 1 _3Table of contents
_uhttp://www.loc.gov/catdir/toc/ecip0420/2004016779.html
856 4 2 _3Publisher description
_uhttp://www.loc.gov/catdir/enhancements/fy0702/2004016779-d.html
906 _a7
_bcbc
_corignew
_d1
_eecip
_f20
_gy-gencatlg
942 _2lcc
_cREFERENCE
999 _c120278
_d120278